| 000 | 00880nam a22002657a 4500 | ||
|---|---|---|---|
| 005 | 20200104041617.0 | ||
| 008 | 130723b2010 - ||||| |||| 00| 0 spa d | ||
| 020 | _a9781856177979 | ||
| 041 | _aeng | ||
| 044 | _aenk | ||
| 082 |
_a333.73 _bB877s |
||
| 100 |
_aBrown, Kandi. _9769 |
||
| 245 |
_aSustainable land development and restoration / _bdecision consequence analysis _cKandi Brown... [et al]. |
||
| 260 |
_aKidlington (United Kingdom) _bElsevier _c2010 |
||
| 300 |
_a497 p. _bil., tablas, planos _c23 cm. |
||
| 504 | _aIncluye índice | ||
| 650 |
_aLand use _xEnvironmental aspects _9770 |
||
| 650 |
_aSustainable development _9771 |
||
| 650 |
_aUsos de la tierra _xAspectos ambientales _9464 |
||
| 650 |
_aDesarrollo sostenible _9278 |
||
| 700 |
_aHall, William L. _9773 |
||
| 700 |
_aSnook, Marjorie _9774 |
||
| 700 |
_aGarvin, Kathleen _9775 |
||
| 942 |
_2ddc _cIMPRESO |
||
| 999 |
_c7419 _d7419 |
||